Legislacion de aguas (Record no. 153721)

MARC details
000 -LEADER
campo de control de longitud fija 00952nam a22002175i 4500
001 - NÚMERO DE CONTROL
campo de control 153721
003 - IDENTIFICADOR DE NÚMERO DE CONTROL
campo de control ES-MaACL
005 - FECHA Y HORA DE LA ÚLTIMA TRANSACCIÓN
campo de control 20250827062627.0
008 - DATOS DE LONGITUD FIJA--INFORMACIÓN GENERAL
campo de control de longitud fija 960614s1879 sp |||| | spa d
040 ## - FUENTE DE CATALOGACIÓN
Centro catalogador/agencia de origen CYL
Lengua de catalogación spa
Centro/agencia transcriptor CYL
Centro/agencia modificador CCPB
110 1# - ENTRADA PRINCIPAL--NOMBRE DE ENTIDAD CORPORATIVA
Nombre de entidad corporativa o nombre de jurisdicción como elemento de entrada España
9 (RLIN) 3622
240 10 - TÍTULO UNIFORME
Título uniforme Leyes, etc., de aguas
245 10 - MENCIÓN DEL TÍTULO
Título Legislacion de aguas
Resto del título : comprende todas las principales disposiciones que se han dictado sobre esta materia desde 1846 hasta fin de junio de 1879 /
Mención de responsabilidad, etc. compilacion autorizada por Real Orden de 26 del citado mes de junio ... por Aurelio Bentaból y Ureta y Pablo Martinez Pardo.
260 ## - PUBLICACIÓN, DISTRIBUCIÓN, ETC.
Lugar de publicación, distribución, etc. Madrid :
Nombre del editor, distribuidor, etc. [s.n.],
Fecha de publicación, distribución, etc. 1879 (
Fabricante Imprenta de Manuel G. Hernandez)
300 ## - DESCRIPCIÓN FÍSICA
Extensión [4] h., 630 p., [5] h., [1] h. pleg. ;
Dimensiones 22 cm.
650 #4 - PUNTO DE ACCESO ADICIONAL DE MATERIA--TÉRMINO DE MATERIA
Término de materia o nombre geográfico como elemento de entrada Agua-
Subdivisión de forma Legislación-
Subdivisión geográfica España.
9 (RLIN) 9695
700 1# - ENTRADA AGREGADA--NOMBRE PERSONAL
Nombre de persona Bentaból y Ureta, Aurelio.
9 (RLIN) 125919
700 0# - ENTRADA AGREGADA--NOMBRE PERSONAL
Nombre de persona Martínez Pardo, Pablo.
9 (RLIN) 78307
852 ## - LOCALIZACIÓN
Ubicación ES-MaACL
Número de control de estantería B-1027
Nota libre -- Enc. hol.
Holdings
Estatus retirado Estado de pérdida Estado de daño No para préstamo Colección Biblioteca de origen Biblioteca actual Ubicación en estantería Fecha de adquisición Fuente de adquisición Total de préstamos Signatura topográfica completa Código de barras Visto por última vez Precio de reemplazo Tipo de ítem Koha
        Libros del s. XIX Biblioteca del Ateneo de Madrid Biblioteca del Ateneo de Madrid Sala Pardo Bazán 17/01/2008     B-1027 1160706 23/02/2023 23/02/2023 Libro impreso antiguo